LEADER 01070cam2-22003851i-450- 001 990000190720403321 005 20060920123133.0 035 $a000019072 035 $aFED01000019072 035 $a(Aleph)000019072FED01 035 $a000019072 100 $a20020821d1963----km-y0itay50------ba 101 0 $aita 102 $aIT 105 $aa-------001yy 200 1 $a<>linee telefoniche$fDiodato Gagliardi 210 $aRoma$cSiderea$d1963 215 $a299 p.$d24 cm 461 0$1001000001001$12001$aTeoria della trasmissione telefonica$v2 610 0 $aTelefonia 676 $a621.385 700 1$aGagliardi,$bDiodato$0849 801 0$aIT$bUNINA$gRICA$2UNIMARC 901 $aBK 912 $a990000190720403321 952 $a13 C 06 10$b27967$fFINBC 952 $a13 C 06 11$b28023$fFINBC 952 $a13 C 06 17$b28036$fFINBC 952 $a10 E II 139$b7647$fDINEL 952 $a10 E II 82$b6367$fDINEL 952 $a10 E II 141$b7643$fDINEL 959 $aFINBC 959 $aDINEL 996 $aLinee telefoniche$9122542 997 $aUNINA LEADER 01151nam a2200313 i 4500 001 991003905409707536 005 20030107101240.0 008 020304s1998 it ||| | ita 020 $a8804169370 035 $ab11881161-39ule_inst 035 $aExgil149057$9ExL 040 $aBiblioteca Interfacoltà$bita 082 0 $a888.1 100 1 $aHeraclitus :$cEphesius$0443915 245 12$aI frammenti e le testimonianze /$cEraclito ; testo critico e traduzione di Carlo Diano ; commento di Carlo e Giuseppe Serra 250 $a5. ed 260 $a[Roma] :$bFondazione Lorenzo Valla ; [Milano] : A. Mondadori,$c[1998] 300 $axx, 212 p. ;$c21 cm 490 0 $aScrittori greci e latini 500 $aTit. orig.: Erakleitoy 700 1 $aDiano, Carlo <1902-1974> 700 1 $aSerra, Giuseppe 740 0 $aErakleitoy 907 $a.b11881161$b28-04-17$c07-01-03 912 $a991003905409707536 945 $aLE002 Gr. V G 5$g1$i2002000019042$lle002$o-$pE0.00$q-$rl$s- $t0$u0$v0$w0$x0$y.i12136700$z07-01-03 996 $aFrammenti e le testimonianze$9857422 997 $aUNISALENTO 998 $ale002$b01-01-02$cm$da $e-$fita$git $h2$i1